[Event "Mumbai Wealth U13 op 5th"]
[Site "Mumbai"]
[Date "2020.01.05"]
[Round "7"]
[White "Divyesh, Kuduva"]
[Black "Guru, Prakash"]
[Result "1/2-1/2"]
[WhiteElo "1105"]
[BlackElo "1325"]
[PlyCount "27"]
[EventDate "2019.12.30"]
[EventType "swiss"]
[EventRounds "9"]
[EventCountry "IND"]
[SourceTitle "CBM 194 Extra"]
[Source "ChessBase"]
[SourceDate "2020.03.31"]
[SourceVersion "1"]
[SourceVersionDate "2020.03.31"]
[SourceQuality "1"]

1. e4 c5 2. Nc3 e6 3. f4 a6 4. Nf3 g6 5. d4 Bg7 6. Be3 cxd4 7. Bxd4 f6 8. Na4 Nc6 9. Bb6 Qe7 10. Bc5 Qd8 11. Bb6 Qe7 12. Bc5 Qd8 13. Bb6 Qe7 14. Bc5 1/2-1/2